| 000 | 02713nab a22002537a 4500 | ||
|---|---|---|---|
| 999 |
_c5671 _d5671 |
||
| 003 | OSt | ||
| 005 | 20251226222036.0 | ||
| 008 | 190603e xxum|||| |||| 00| 0 spa d | ||
| 040 | _cPJ | ||
| 100 |
_96280 _aPalma, Mariano |
||
| 245 | 1 | 0 |
_aDerecho a la información en la Ley de Defensa del Consumidor / _cMariano Palma. |
| 260 |
_cCiudad Autónoma de Buenos Aires : _aThomson Reuters La Ley, _b2025. |
||
| 300 | _ap. 337-347 | ||
| 500 | _aCita: TR LALEY AR/DOC/1049/2025 Publicado en: RCCyC 2025 (junio). | ||
| 505 | _a Sumario: I. ¿En qué consiste el deber de información del proveedor? ¿Es un derecho del consumidor?— II. ¿Cómo debe suministrarse la información al consumidor o usuario?— III. ¿En qué consiste la forma "cierta, clara y detallada"?— IV. ¿Cuáles son las características esenciales de los bienes y servicios que provee?— V. ¿Cuáles son las condiciones de su comercialización?— VI. ¿Qué medidas adopta el BCRA en el caso de usuarios de servicios financieros?— VII. ¿Qué situación acontece en los casos de falta de lectura por parte del consumidor?— VIII. ¿El consumidor experto debe ser tenido como profano?— IX. El caso de la Ley de Etiquetado Frontal o "Promoción de la alimentación saludable" (27.642).— X. ¿Qué pasa en el caso de los códigos QR?— XI. El deber de información como un deber de indemnidad.— XII. La sobreinformación como limitante del conocimiento.— XIII. ¿La ausencia de cumplimiento del deber de información opera como una limitante al momento de perfeccionarse el contrato?— XIV. ¿Qué sanciones son aplicables en caso de incumplimiento al deber de información?— XV. ¿Cómo actúa la responsabilidad precontractual ante la ausencia del deber de información?— XVI. ¿Qué ocurre durante la etapa de ejecución y poscontractual con el deber de información?— XVII. ¿Cómo se prueba el incumplimiento al deber de información?— XVIII. El deber de gratuidad de la información.— XIX. El deber de información en el Cód. Civ. y Com.— XX. El deber de información en la Ley de Defensa de la Competencia y en el Dec. de Lealtad Comercial.— XXI. El deber de información en la Constitución Nacional. | ||
| 505 | _t¿Te interesa el texto completo? Solicitalo al correo: koha@justierradelfuego.gov.ar | ||
| 650 | 0 |
_91497 _aCODIGO CIVIL Y COMERCIAL |
|
| 650 | 0 |
_92608 _aDERECHOS DEL CONSUMIDOR |
|
| 650 | 0 |
_92597 _aDEFENSA DEL CONSUMIDOR |
|
| 650 | 0 |
_93407 _aDERECHO A LA INFORMACIÓN |
|
| 650 | 0 |
_92600 _aLEY DE DEFENSA DEL CONSUMIDOR |
|
| 773 | 0 |
_02713 _93170 _dCiudad Autónoma de Buenos Aires : Thomson Reuters La Ley, 2015- _tRevista Código Civil y Comercial. Nº 3 - Junio 2025 |
|
| 942 |
_2udc _cANA |
||